Organizace a řízení zemědělské výroby

Gespeichert in:
Bibliographische Detailangaben
1. Verfasser: Jelínek, Jiří
Körperschaft: Vysoká škola ekonomická v Praze. Výrobně ekonomická fakulta
Format: Buch
Sprache:Tschechisch
Veröffentlicht: Praha Státní nakladatelství technické literatury 1989
Ausgabe:1. vyd.
Tags: Tag hinzufügen
Keine Tags, Fügen Sie das erste Tag hinzu!

MARC

LEADER 00000nam a2200000 4500
001 c028461
005 20221215120328.4
041 0 |a cze 
044 |a CZ 
245 1 0 |a Organizace a řízení zemědělské výroby  |c Jiří Jelínek a kol. 
250 |a 1. vyd. 
264 1 |a Praha  |b Státní nakladatelství technické literatury  |c 1989 
300 |a 316 s. 
100 1 |a Jelínek, Jiří 
710 2 |a Vysoká škola ekonomická v Praze. Výrobně ekonomická fakulta